00728nam a2200169 a 450000100100000000500170001000800410002704000250006808200150009311000560010824501040016426000680026830000200033650501520035670000240050870000260053200003045320200930062324.0110517s1996 dr 000 0 spa d aDO-SdBNPbspacBNPHU axxxbR426f1 aRepública DominicanabForeingn ley de inversiones10aForeingn investment law of the Dominican Republic /ctranslation ; Russin Vecchi & Heredia Bonetti. aSanto Domingo :bCentral Bank of the Dominican Republic,c1996. a26 p. ;c22 cm.0 aForeing investment law of the Dominican Republic /tRegulation for the aplication of law No. 16-95 on foreign investment in the Dominican Republic.1 aVecchi, Russinetr.1 aBonetti, Herediaetr.